1376 1325 1193 1998 1804 1248 1097 1682 1888 1324 1691 1780 1068 1229 1521 1850 1939 1550 1555 2000 1750 1484 1280 1942 1606 1910 1790 1476 1728 1931 1140 1145 1955 1210 1242 1869 1458 1839 1520 1906 1045 1423 1505 1694 1605 1480 1404 1824 1320 1870 1244 1553 1091 1441 1172 1737 1161 1052 1060 1899 1371 1410 1003 1134 1268 1886 1742 1215 1831 1444 1002 1219 1341 1831 1018 1066 1107 1164 1710 1434 1301 1490 1758 1876 1361 1590 1500 1527 1082 1243 1085 1490 1786 1304 1954 1473 1057 1297 1668 BCNSPRNW ULIB Ver.6.0+V

เปลี่ยนเป็นภาษาไทย

Change to English
 แสดงรายละเอียดบรรณานุกรม
  กลับหน้าหลัก

Brief Record : Get Marc (ISO 2709) : E-mail record : QR code < ปิดหน้าต่าง
LEADER : 00000nam 2200000uu 4500
001    13399111424
003     ULIB
008    110624s||||||||th 000 0 tha d
020    9749341570
050  4 BQ4195^bร713อ 2548
100 0  ระวี ภาวิไล,^d2468-
245 10 อภิธรรมสำหรับคนรุ่นใหม่ /^cระวี ภาวิไล
250    พิมพ์ครั้งที่ 3
260    กรุงเทพฯ :^bมูลนิธิพุทธธรรม,^c2548
300    415 หน้า :^bภาพประกอบ ;^c21 ซม.
650  7 พระอภิธรรม
650  7 ธรรมะ
945    ^p300^l0^i019040
995    ทศพร
999 ^a ใช้งานได้ทุกระบบ
รายการนี้ยังไม่มีแท็ก
คุณยังไม่ได้ล็อกอิน คุณสามารถมีกิจกรรมร่วมกับเว็บไซต์ได้ แต่ต้องล็อกอินก่อน ::
  ล็อกอิน

รายการสื่อสารสนเทศ

ลำดับที่ ประเภท เลขเรียก/บาร์โค้ด สถานที่ สถานะ
- ไม่พบข้อมูล -

รายการใกล้เคียง
    หัวเรื่อง [ธรรมะ]

BibComment


ยังไม่เคยถูกคอมเมนท์

คอมเมนท์ทรัพยากรรายการนี้
  คอมเมนท์: อภิธรรมสำหรับคนรุ..


 Copyright 2026. Bcnsprnw @Library